<?xml version="1.0" encoding="UTF-8"?>
<collection xmlns="http://www.loc.gov/MARC21/slim">
 <record>
  <leader>06282nam a22003857a 4500</leader>
  <controlfield tag="001">kal6131</controlfield>
  <controlfield tag="003">Gr-AtHEAL</controlfield>
  <controlfield tag="005">20160515174843.0</controlfield>
  <controlfield tag="006">                  </controlfield>
  <controlfield tag="008">160515b        gr ||||| |||| 00| 0 eng|c</controlfield>
  <datafield tag="020" ind1=" " ind2=" ">
   <subfield code="a">9789606032547</subfield>
  </datafield>
  <datafield tag="040" ind1=" " ind2=" ">
   <subfield code="a">GR-AtHEAL</subfield>
   <subfield code="b">gre</subfield>
   <subfield code="c">GR-AtHEAL</subfield>
  </datafield>
  <datafield tag="082" ind1="0" ind2="4">
   <subfield code="a">305</subfield>
   <subfield code="2">23</subfield>
  </datafield>
  <datafield tag="100" ind1="1" ind2=" ">
   <subfield code="a">Καβουλάκος, Κάρολος-Ιωσήφ.</subfield>
   <subfield code="8">2915</subfield>
  </datafield>
  <datafield tag="245" ind1="1" ind2="0">
   <subfield code="a">Εναλλακτικοί οικονομικοί και πολιτικοί χώροι</subfield>
   <subfield code="b">Κοινωνικά κινήματα και χωρική ανάπτυξη</subfield>
   <subfield code="c">Καβουλάκος, Κάρολος-Ιωσήφ, Γρίτζας, Γεώργιος ;  Κριτικός αναγνώστης, Σταυρακάκης, Ιωάννης</subfield>
   <subfield code="h">[Ηλεκτρονικός πόρος].</subfield>
  </datafield>
  <datafield tag="260" ind1=" " ind2=" ">
   <subfield code="a">Αθήνα :</subfield>
   <subfield code="b">Σύνδεσμος Ελληνικών Ακαδημαϊκών Βιβλιοθηκών,</subfield>
   <subfield code="c">c2015.</subfield>
  </datafield>
  <datafield tag="490" ind1=" " ind2=" ">
   <subfield code="a">Ηλεκτρονικά Συγγράμματα και Βοηθήματα Κάλλιπος</subfield>
   <subfield code="8">2892</subfield>
  </datafield>
  <datafield tag="505" ind1=" " ind2=" ">
   <subfield code="a">1. Εισαγωγή 2. Μορφές εναλλακτικών χώρων 3. Κλασικές και σύγχρονες προσεγγίσεις: Proudhon, Polanyi, Holloway 4. Ποικίλες οικονομίες 5. Η προσέγγιση της ετερότητας 6. Κοινωνικά Κινήματα, Κράτος και Εναλλακτικοί Χώροι 7. Εναλλακτικές προσεγγίσεις της χωρικής ανάπτυξης 8. Οι βάσεις και οι προοπτικές της επιστημονικής έρευνας</subfield>
  </datafield>
  <datafield tag="520" ind1=" " ind2=" ">
   <subfield code="a">Το προτεινόμενο βιβλίο έχει καθαρά διεπιστημονικό χαρακτήρα και απευθύνεται σε προπτυχιακούς και μεταπτυχιακούς φοιτητές τμημάτων πολιτικών επιστημών, κοινωνιολογίας, γεωγραφίας, ανθρωπολογίας και χωρικής ανάπτυξης που επιθυμούν να αποκτήσουν μια σφαιρική γνώση σχετικά με τους εναλλακτικούς οικονομικούς και πολιτικούς χώρους.Το βιβλίο στοχεύει να εισάγει τον αναγνώστη σε μια σύγχρονη και καινοτόμο επιστημονική συζήτηση, που γνωρίζει μεγάλη άνθιση κατά τις τελευταίες δύο δεκαετίες. Για να το επιτύχει αυτό κινείται σε διαφορετικά επίπεδα. Αρχικά, φιλοδοξεί να εξοικειώσει τον αναγνώστη με τις σημαντικότερες μορφές εναλλακτικών οικονομικών και πολιτικών χώρων, όπως οι συνεταιρισμοί, τα εναλλακτικά ανταλλακτικά δίκτυα και τα εναλλακτικά δίκτυα τροφής. Στη συνέχεια εξετάζονται συνοπτικά οι κλασσικές προσεγγίσεις επικεντρώνοντας στα σημεία εκείνα που επανεμφανίζονται στη σύγχρονη θεωρητική συζήτηση. Ένας από τους βασικούς στόχους του βιβλίου είναι να ενημερώσει τον αναγνώστη σχετικά με τα επιστηµολογικά, µεθοδολογικά, θεωρητικά και εννοιολογικά στοιχεία που συνεισφέρουν οι σύγχρονες θεωρητικές προσεγγίσεις των εναλλακτικών χώρων, όπως αυτές των ποικίλων οικονομιών, της ετερότητας των οικονομικών και πολιτικών χώρων και των ρωγμών. Ξεχωριστά εξετάζονται τα θέματα του ρόλου του κράτους στην ανάδυση μορφών εναλλακτικής οικονομίας, η σύνδεση των εναλλακτικών οικονομικών και πολιτικών χώρων με τα κοινωνικά κινήματα και ο ρόλος των εναλλακτικών οικονομιών στη χωρική ανάπτυξη. Το βιβλίο ολοκληρώνεται με την ανάδειξη των ακόμα «ανεξερεύνητων» θεμάτων και διαστάσεων των εναλλακτικών οικονομικών και πολιτικών χώρων. Το βιβλίο περιλαμβάνει όλο το απαραίτητο υλικό για την κατανόηση των διαφορετικών μορφών εναλλακτικών χώρων, των διαφορετικών θεωρητικών προσεγγίσεων και τη συσχέτιση των εναλλακτικών οικονομικών και πολιτικών χώρων με το εκάστοτε πολιτικό, κοινωνικό και οικονομικό περιβάλλον, καθώς και εργαλεία για το σχεδιασμό τους.</subfield>
  </datafield>
  <datafield tag="650" ind1=" " ind2="0">
   <subfield code="a">Social movements.</subfield>
   <subfield code="8">2947</subfield>
  </datafield>
  <datafield tag="653" ind1=" " ind2=" ">
   <subfield code="a">Ετερότητα των οικονομικών και πολίτικων χωρών</subfield>
  </datafield>
  <datafield tag="653" ind1=" " ind2=" ">
   <subfield code="a">Συλλογική δράση</subfield>
  </datafield>
  <datafield tag="653" ind1=" " ind2=" ">
   <subfield code="a">Κοινωνία των πολιτών</subfield>
  </datafield>
  <datafield tag="653" ind1=" " ind2=" ">
   <subfield code="a">Ρωγμές</subfield>
  </datafield>
  <datafield tag="653" ind1=" " ind2=" ">
   <subfield code="a">Ποικίλες οικονομίες</subfield>
  </datafield>
  <datafield tag="653" ind1=" " ind2=" ">
   <subfield code="a">Χωρική ανάπτυξη</subfield>
  </datafield>
  <datafield tag="653" ind1=" " ind2=" ">
   <subfield code="a">Κοινωνικά κινήματα</subfield>
  </datafield>
  <datafield tag="653" ind1=" " ind2=" ">
   <subfield code="a">Εναλλακτικοί χώροι</subfield>
  </datafield>
  <datafield tag="700" ind1=" " ind2=" ">
   <subfield code="a">Γρίτζας, Γεώργιος</subfield>
   <subfield code="e">Συγγραφέας</subfield>
   <subfield code="8">2916</subfield>
  </datafield>
  <datafield tag="700" ind1=" " ind2=" ">
   <subfield code="a">Σταυρακάκης, Ιωάννης</subfield>
   <subfield code="e">Κριτικός αναγνώστης</subfield>
   <subfield code="8">2917</subfield>
  </datafield>
  <datafield tag="856" ind1=" " ind2=" ">
   <subfield code="u">http://hdl.handle.net/11419/6131</subfield>
   <subfield code="z">Πλήρες Κείμενο - Full text</subfield>
  </datafield>
  <datafield tag="907" ind1=" " ind2=" ">
   <subfield code="a">.b25681618</subfield>
   <subfield code="b">25-06-18</subfield>
   <subfield code="c">29-07-16</subfield>
  </datafield>
  <datafield tag="949" ind1=" " ind2=" ">
   <subfield code="0">0</subfield>
   <subfield code="1">0</subfield>
   <subfield code="2">ddc</subfield>
   <subfield code="4">0</subfield>
   <subfield code="6">305_000000000000000_ΚΑΒ</subfield>
   <subfield code="7">0</subfield>
   <subfield code="8">KALL</subfield>
   <subfield code="8">924</subfield>
   <subfield code="d">2016-05-15</subfield>
   <subfield code="r">2016-05-15</subfield>
   <subfield code="w">2016-05-15</subfield>
   <subfield code="z">305 ΚΑΒ</subfield>
   <subfield code="o">SEAB KALLIPOS</subfield>
  </datafield>
  <datafield tag="998" ind1=" " ind2=" ">
   <subfield code="a">80</subfield>
   <subfield code="a">01</subfield>
   <subfield code="a">02</subfield>
   <subfield code="a">03</subfield>
   <subfield code="a">04</subfield>
   <subfield code="a">05</subfield>
   <subfield code="a">06</subfield>
   <subfield code="a">07</subfield>
   <subfield code="a">08</subfield>
   <subfield code="a">09</subfield>
   <subfield code="a">10</subfield>
   <subfield code="a">11</subfield>
   <subfield code="a">12</subfield>
   <subfield code="a">13</subfield>
   <subfield code="a">15</subfield>
   <subfield code="a">14</subfield>
   <subfield code="a">16</subfield>
   <subfield code="a">17</subfield>
   <subfield code="a">18</subfield>
   <subfield code="a">19</subfield>
   <subfield code="a">20</subfield>
   <subfield code="a">21</subfield>
   <subfield code="a">22</subfield>
   <subfield code="a">23</subfield>
   <subfield code="a">24</subfield>
   <subfield code="a">25</subfield>
   <subfield code="a">26</subfield>
   <subfield code="b">29-05-17</subfield>
   <subfield code="c">m</subfield>
   <subfield code="d">z  </subfield>
   <subfield code="e">-</subfield>
   <subfield code="f">gre</subfield>
   <subfield code="g">gr </subfield>
   <subfield code="h">0</subfield>
  </datafield>
  <datafield tag="942" ind1=" " ind2=" ">
   <subfield code="2">ddc</subfield>
   <subfield code="c">KALLIPOS</subfield>
  </datafield>
 </record>
</collection>
